000 00657nam a2200181 i 4500
001 42325
003 ES-MaACL
005 20250628014534.0
007 t|
008 030313s1887 cu ||||1| spa d
100 1 _aCastillo de González, Aurelia.
_936734
245 1 0 _aBiografía de Gertrudis Gómez de Avellaneda y juicio crítico de sus obras /
_cpor Aurelia Castillo de González.
260 _aHabana :
_b[s.n.],
_c1887 (
_fImpr. de Soler, Alvarez y Compañía)
300 _a78 p. ;
_c24 cm.
600 1 4 _aGómez de Avellaneda, Gertrudis,
_d1814-1873-
_xCrítica e interpretación
_957887
852 _aES-MaACL
_jT-452-F-15
999 _c42325
_d42325